000
00252nam a2200097Ia 4500
001
1161664
005
20250827011630.0
008
250824s9999 xx 000 0 und d
245
0
_a
TEKNOLOJİ FELSEFESİ
_c
STIG BORSEN HANSEN
260
_b
KETEBE YAYINLARI
999
_c
1161664
_d
1161664